000 00485nam a22002057a 4500
003 OSt
005 20241204161932.0
008 241126b |||||||| |||| 00| 0 eng d
040 _cddc
082 _a516.36 M5
100 _aGupta P P
245 _aDifferential Geometry
_cGupta P P and Malik G S
250 _a2nd
260 _aMeerut
_bPragati Prakashan
_c1985
500 _aTransfered
501 _aMathematics
650 0 _aMathematics
942 _cBK
_2ddc
999 _c248832
_d248832